[Event "FIDE World Rapid-ch Open 2018"]
[White "Shirov, Alexei"]
[Black "Mchedlishvili, Mikheil"]
[Site "St. Petersburg"]
[Round "15.22"]
[Annotator "ChessBase"]
[Result "1/2-1/2"]
[Date "2018.12.28"]
[WhiteElo "2643"]
[BlackElo "2610"]
[PlyCount "121"]
[TimeControl "900+10"]

1. e4 {[%emt 0:0:0]} d6 {[%emt 0:0:0]} 2. d4 {[%emt 0:0:0]} Nf6 {[%emt 0:0:0]} 3. Nc3 {[%emt 0:0:0]} g6 {[%emt 0:0:0]} 4. f4 {[%emt 0:0:0]} Bg7 {[%emt 0:0:0]} 5. Nf3 {[%emt 0:0:0]} 0-0 {[%emt 0:0:7]} 6. Bd3 {[%emt 0:0:0]} Nc6 {[%emt 0:0:58]} 7. 0-0 {[%emt 0:3:14]} e5 {[%emt 0:0:12]} 8. fxe5 {[%emt 0:0:58]} dxe5 {[%emt 0:0:4]} 9. d5 {[%emt 0:0:5]} Ne7 {[%emt 0:2:12]
} 10. Nxe5 {[%emt 0:0:57]} c6 {[%emt 0:0:4]} 11. Bg5 {[%emt 0:0:0]} cxd5 {[%emt 0:0:14]} 12. Bxf6 {[%emt 0:0:2]} Qb6+ {[%emt 0:0:45]} 13. Kh1 {[%emt 0:0:2]} Bxf6 {[%emt 0:0:16]} 14. Nxd5 {[%emt 0:0:3]} Nxd5 {[%emt 0:0:21]
} 15. Nc4 {[%emt 0:0:1]} Qc5 {[%emt 0:1:6]} 16. exd5 {[%emt 0:0:7]
} Bg7 {[%emt 0:0:12]} 17. Qf3 {[%emt 0:1:29]} b6 {[%emt 0:0:0]} 18. c3 {[%emt 0:1:42]} Bb7 {[%emt 0:0:28]} 19. Ne3 {[%emt 0:0:3]} Rae8 {[%emt 0:0:36]} 20. Rae1 {[%emt 0:0:4]} f5 {[%emt 0:2:35]} 21. Bc2 {[%emt 0:3:52]
} Bh6 {[%emt 0:2:14]} 22. Nd1 {[%emt 0:1:17]} Bxd5 {[%emt 0:0:0]} 23. Bb3 {[%emt 0:0:2]} Bxb3 {[%emt 0:0:13]} 24. axb3 {[%emt 0:0:1]} Qd6 {[%emt 0:0:24]} 25. Re2 {[%emt 0:0:40]} Rxe2 {[%emt 0:0:38]} 26. Qxe2 {[%emt 0:0:1]
} Rd8 {[%emt 0:0:8]} 27. Nf2 {[%emt 0:0:7]} Qd2 {[%emt 0:0:0]} 28. Re1 {[%emt 0:1:16]} Qxe2 {[%emt 0:0:42]} 29. Rxe2 {[%emt 0:0:1]} Kf7 {[%emt 0:0:0]} 30. g3 {[%emt 0:0:7]} a5 {[%emt 0:0:33]} 31. Kg2 {[%emt 0:0:6]
} Rd5 {[%emt 0:0:6]} 32. c4 {[%emt 0:0:57]} Rd7 {[%emt 0:0:0]} 33. g4 {[%emt 0:0:14]} fxg4 {[%emt 0:0:19]} 34. Nxg4 {[%emt 0:0:1]} Bg7 {[%emt 0:0:1]} 35. Nf2 {[%emt 0:0:29]} Bf8 {[%emt 0:0:29]} 36. Ng4 {[%emt 0:0:17]
} Bg7 {[%emt 0:0:26]} 37. Nf2 {[%emt 0:0:8]} Bf8 {[%emt 0:0:0]} 38. Ng4 {[%emt 0:0:2]} Kg7 {[%emt 0:0:13]} 39. Ne5 {[%emt 0:0:9]} Rd1 {[%emt 0:0:5]} 40. Kf3 {[%emt 0:0:23]} Bc5 {[%emt 0:0:2]} 41. Ke4 {[%emt 0:0:3]
} Rd4+ {[%emt 0:0:4]} 42. Kf3 {[%emt 0:0:2]} Kf6 {[%emt 0:0:0]} 43. Ng4+ {[%emt 0:0:15]} Kg7 {[%emt 0:0:2]} 44. Ne5 {[%emt 0:0:27]} g5 {[%emt 0:0:15]} 45. Re4 {[%emt 0:0:12]} h5 {[%emt 0:0:8]} 46. Rxd4 {[%emt 0:0:10]
} Bxd4 {[%emt 0:0:0]} 47. Nd3 {[%emt 0:0:3]} Kf6 {[%emt 0:0:0]} 48. Ke4 {[%emt 0:0:2]} Bc5 {[%emt 0:0:11]} 49. h3 {[%emt 0:0:9]} Ke6 {[%emt 0:0:13]} 50. Ne1 {[%emt 0:0:14]} Be7 {[%emt 0:0:5]} 51. Nd3 {[%emt 0:0:7]
} Bd6 {[%emt 0:0:8]} 52. Nf2 {[%emt 0:0:4]} Bg3 {[%emt 0:0:0]} 53. Nd3 {[%emt 0:0:3]} g4 {[%emt 0:0:11]} 54. hxg4 hxg4 55. b4 {[%emt 0:0:24]
} a4 {[%emt 0:0:23]} 56. Nf4+ {[%emt 0:0:19]} Bxf4 {[%emt 0:0:0]} 57. Kxf4 {[%emt 0:0:1]} g3 {[%emt 0:0:1]} 58. Kxg3 {[%emt 0:0:2]} Ke5 {[%emt 0:0:1]} 59. Kf3 {[%emt 0:0:6]} Kd4 {[%emt 0:0:1]} 60. c5 {[%emt 0:0:2]
} bxc5 {[%emt 0:0:2]} 61. bxc5 {[%emt 0:0:1]} 1/2-1/2

[Event "FIDE World Rapid-ch Open 2018"]
[White "Kovalenko, Igor"]
[Black "Sakaev, Konstantin"]
[Site "St. Petersburg"]
[Round "15.23"]
[Annotator "ChessBase"]
[Result "1-0"]
[Date "2018.12.28"]
[WhiteElo "2657"]
[BlackElo "2584"]
[PlyCount "65"]
[TimeControl "900+10"]

1. c4 {[%emt 0:0:0]} e6 {[%emt 0:0:0]} 2. Nc3 {[%emt 0:0:0]} d5 {[%emt 0:0:0]} 3. d4 {[%emt 0:0:0]} Nf6 {[%emt 0:0:5]} 4. cxd5 {[%emt 0:0:1]} Nxd5 {[%emt 0:0:4]} 5. e4 {[%emt 0:0:41]} Nxc3 {[%emt 0:0:2]} 6. bxc3 {[%emt 0:0:0]
} c5 {[%emt 0:0:1]} 7. Rb1 {[%emt 0:0:1]} cxd4 {[%emt 0:0:0]} 8. cxd4 {[%emt 0:0:4]} Nc6 {[%emt 0:0:1]} 9. Bb5 {[%emt 0:0:21]} a6 {[%emt 0:0:26]
} 10. Bxc6+ {[%emt 0:0:13]} bxc6 {[%emt 0:0:1]} 11. Ne2 {[%emt 0:0:17]
} c5 {[%emt 0:0:30]} 12. 0-0 {[%emt 0:0:24]} Be7 {[%emt 0:0:0]} 13. Be3 {[%emt 0:0:24]} cxd4 {[%emt 0:0:14]} 14. Nxd4 {[%emt 0:0:1]} Bd7 {[%emt 0:1:16]} 15. Rb7 {[%emt 0:0:37]} Rb8 {[%emt 0:0:4]} 16. Rxb8 {[%emt 0:3:40]
} Qxb8 {[%emt 0:0:2]} 17. Qd3 {[%emt 0:0:1]} Qa8 {[%emt 0:0:0]} 18. e5 {[%emt 0:0:16]} Qd5 {[%emt 0:1:13]} 19. Qxa6 {[%emt 0:0:2]} 0-0 {[%emt 0:0:22]} 20. Rb1 {[%emt 0:3:9]} Bc5 {[%emt 0:1:3]} 21. Nc2 {[%emt 0:3:35]
} Bc6 {[%emt 0:2:24]} 22. Qf1 {[%emt 0:0:1]} Bxe3 {[%emt 0:0:0]} 23. Nxe3 {[%emt 0:0:2]} Qxa2 {[%emt 0:0:22]} 24. Qc1 {[%emt 0:1:1]} Be4 {[%emt 0:0:42]} 25. Rb4 {[%emt 0:0:17]} Bg6 {[%emt 0:0:21]} 26. h3 {[%emt 0:0:46]
} Qa5 {[%emt 0:0:11]} 27. Qb2 {[%emt 0:0:3]} h6 {[%emt 0:0:0]} 28. Kh2 {[%emt 0:0:20]} Kh7 {[%emt 0:0:16]} 29. Qd4 {[%emt 0:0:56]} Rd8 {[%emt 0:0:17]} 30. Qf4 {[%emt 0:0:6]} Rd2 {[%emt 0:1:42]} 31. Ng4 {[%emt 0:0:9]
} Rd5 {[%emt 0:1:16]} 32. Rb8 {[%emt 0:0:15]} Qc7 {[%emt 0:0:0]} 33. Qxh6+ {[%emt 0:0:2]} 1-0

[Event "FIDE World Rapid-ch Open 2018"]
[White "Tomashevsky, Evgeny"]
[Black "Postny, Evgeny"]
[Site "St. Petersburg"]
[Round "15.24"]
[Annotator "RC"]
[Result "1-0"]
[Date "2018.12.28"]
[WhiteElo "2705"]
[BlackElo "2615"]
[PlyCount "89"]
[TimeControl "900+10"]

1. c4 {[%emt 0:0:0]} c6 {[%emt 0:0:0]} 2. Nf3 {[%emt 0:0:0]} d5 {[%emt 0:0:0]} 3. e3 {[%emt 0:0:10]} Nf6 {[%emt 0:0:0]} 4. Nc3 {[%emt 0:0:2]} a6 {[%emt 0:0:2]} 5. Be2 {[%emt 0:0:11]} g6 {[%emt 0:0:40]} 6. 0-0 {[%emt 0:0:0]} Bg7 {[%emt 0:0:1]} 7. d4 {[%emt 0:0:2]} 0-0 {[%emt 0:0:11]} 8. Bd2 {[%emt 0:0:3]} dxc4 {[%emt 0:1:7]} 9. Bxc4 {[%emt 0:0:34]} b5 {[%emt 0:0:0]} 10. Be2 {[%emt 0:0:30]} Nbd7 {[%emt 0:0:14]} 11. b4 {[%emt 0:2:35]} Re8 {[%emt 0:0:55]} 12. Qb3 {[%emt 0:5:26]} e5 {[%emt 0:0:30]} 13. Ng5 {[%emt 0:0:0]} Qe7 {[%emt 0:0:10]} 14. Bf3 {[%emt 0:0:2]} Bb7 {[%emt 0:0:8]} 15. Rad1 {[%emt 0:0:52]} h6 {[%emt 0:1:13]} 16. Nge4 {[%emt 0:0:1]} Nd5 {[%emt 0:0:1]
} 17. Nc5 {[%emt 0:0:46]} Nxc3 {[%emt 0:3:3]} 18. Bxc3 {[%emt 0:0:13]
} Nxc5 {[%emt 0:0:3]} 19. dxc5 {[%emt 0:0:20]} Rad8 {[%emt 0:0:0]} 20. Be4 {[%emt 0:1:58]} Kh7 {[%emt 0:0:7]} 21. a3 {[%emt 0:0:6]} f5 {[%emt 0:0:47]} 22. Bb1 {[%emt 0:0:2]} Bc8 {[%emt 0:0:12]} 23. Ba2 {[%emt 0:0:6]
} h5 {[%emt 0:1:36]} 24. h3 {[%emt 0:0:35]} h4 {[%emt 0:1:33]} 25. Kh1 {[%emt 0:0:37]} Rf8 {[%emt 0:0:24]} 26. f4 {[%emt 0:0:11]} exf4 {[%emt 0:1:6]
} 27. Bxg7 {[%emt 0:0:13]} Kxg7 {[%emt 0:0:48]} 28. exf4 {[%emt 0:0:17]
} Rxd1 {[%emt 0:0:9]} 29. Rxd1 {[%emt 0:0:6]} Kh6 {[%emt 0:0:0]} 30. Qf3 {[%emt 0:1:13]} Qf6 {[%emt 0:0:22]} 31. Kh2 {[%emt 0:0:7]} Qb2 {[%emt 0:0:12]} 32. Bb3 {[%emt 0:2:15]} Qxa3 {[%emt 0:0:57]} 33. Qe3 {[%emt 0:0:1]
} Qxb4 {[%emt 0:1:9]} 34. Qe7 {[%emt 0:0:0]} Qxf4+ {[%emt 0:0:0]} 35. Kh1 {[%emt 0:0:1]} Rh8 {[%emt 0:0:2]} 36. Qf6 {[%emt 0:0:6]} Re8 {[%emt 0:0:19]} 37. Bf7 {[%emt 0:0:5]} Re6 {[%emt 0:0:58]} 38. Bxe6 {[%emt 0:0:9]
} Bxe6 {[%emt 0:0:1]} 39. Qxe6 {[%emt 0:0:9]} b4 {[%emt 0:0:0]} 40. Qxc6 {[%emt 0:0:14]} b3 {[%emt 0:0:3]} 41. Qb6 {[%emt 0:0:16]} Qc4 {[%emt 0:0:5]} 42. c6 {[%emt 0:0:44]} Qc2 {[%emt 0:0:1]} 43. Rg1 {[%emt 0:0:0]} a5 {[%emt 0:0:5]} 44. c7 {[%emt 0:0:7]} a4 {[%emt 0:0:1]} 45. Qb8 {[%emt 0:0:11]} 1-0

[Event "FIDE World Rapid-ch Open 2018"]
[White "Guseinov, Gadir"]
[Black "Grigoriants, Sergey"]
[Site "St. Petersburg"]
[Round "15.25"]
[Annotator "ChessBase"]
[Result "1-0"]
[Date "2018.12.28"]
[WhiteElo "2664"]
[BlackElo "2540"]
[PlyCount "54"]
[TimeControl "900+10"]

1. e4 {[%emt 0:0:0]} c5 {[%emt 0:0:0]} 2. Nc3 {[%emt 0:0:0]} e6 {[%emt 0:0:0]} 3. Nf3 {[%emt 0:0:0]} a6 {[%emt 0:0:58]} 4. d4 {[%emt 0:0:0]} cxd4 {[%emt 0:0:1]} 5. Nxd4 {[%emt 0:0:0]} d6 {[%emt 0:0:35]} 6. g3 {[%emt 0:0:0]} Nf6 {[%emt 0:0:7]} 7. Bg2 {[%emt 0:0:2]} Qc7 {[%emt 0:0:31]} 8. 0-0 {[%emt 0:0:5]} Be7 {[%emt 0:0:0]} 9. f4 {[%emt 0:0:4]} Nc6 {[%emt 0:0:0]} 10. Nxc6 {[%emt 0:1:43]} bxc6 {[%emt 0:0:3]} 11. e5 {[%emt 0:0:1]} dxe5 {[%emt 0:1:26]} 12. fxe5 {[%emt 0:0:2]} Nd7 {[%emt 0:0:0]} 13. Bf4 {[%emt 0:0:37]
} 0-0 {[%emt 0:0:27]} 14. Qh5 {[%emt 0:0:23]} Rb8 {[%emt 0:0:0]} 15. b3 {[%emt 0:0:48]} g6 {[%emt 0:0:29]} 16. Qe2 {[%emt 0:0:16]} g5 {[%emt 0:1:32]
} 17. Bd2 {[%emt 0:2:19]} Qxe5 {[%emt 0:0:14]} 18. Ne4 {[%emt 0:0:1]
} f5 {[%emt 0:1:6]} 19. Bc3 {[%emt 0:2:11]} Qb5 {[%emt 0:0:0]} 20. Qh5 {[%emt 0:0:4]} fxe4 {[%emt 0:1:19]} 21. Rxf8+ Nxf8 {[%emt 0:0:0]} 22. Rf1 {[%emt 0:2:40]} Bc5+ {[%emt 0:2:52]} 23. Kh1 {[%emt 0:0:3]} Ng6 {[%emt 0:0:1]} 24. a4 {[%emt 0:1:28]} Qb7 {[%emt 0:1:25]} 25. Bxe4 {[%emt 0:0:4]
} e5 {[%emt 0:0:3]} 26. Bxg6 {[%emt 0:0:20]} hxg6 {[%emt 0:0:0]} 27. Qxg6+ {[%emt 0:0:7]} Qg7 {[%emt 0:0:1]} 1-0

[Event "FIDE World Rapid-ch Open 2018"]
[White "Piorun, Kacper"]
[Black "Motylev, Alexander"]
[Site "St. Petersburg"]
[Round "15.26"]
[Annotator "ChessBase"]
[Result "1-0"]
[Date "2018.12.28"]
[WhiteElo "2634"]
[BlackElo "2644"]
[PlyCount "68"]
[TimeControl "900+10"]

1. c4 {[%emt 0:0:0]} Nf6 {[%emt 0:0:0]} 2. g3 {[%emt 0:0:0]} c6 {[%emt 0:0:0]} 3. Bg2 {[%emt 0:0:0]} d5 {[%emt 0:0:0]} 4. Nf3 {[%emt 0:0:0]} g6 {[%emt 0:0:15]} 5. b3 {[%emt 0:0:36]} Bg7 {[%emt 0:0:3]} 6. 0-0 {[%emt 0:0:0]} e5 {[%emt 0:0:47]} 7. Bb2 {[%emt 0:2:21]} e4 {[%emt 0:0:13]} 8. Ne1 {[%emt 0:0:7]} 0-0 {[%emt 0:0:33]} 9. d3 {[%emt 0:0:54]} dxc4 {[%emt 0:0:0]} 10. bxc4 {[%emt 0:0:29]} exd3 {[%emt 0:0:7]} 11. Nxd3 {[%emt 0:0:8]} Re8 {[%emt 0:0:15]} 12. Nd2 {[%emt 0:0:25]} Bf5 {[%emt 0:0:18]} 13. Nf3 {[%emt 0:0:46]
} Na6 {[%emt 0:0:22]} 14. Re1 {[%emt 0:1:32]} Qc7 {[%emt 0:0:0]} 15. Qb3 {[%emt 0:0:33]} Rad8 {[%emt 0:0:10]} 16. Rad1 {[%emt 0:1:16]} Qb6 {[%emt 0:3:13]} 17. Qxb6 {[%emt 0:3:2]} axb6 {[%emt 0:0:3]} 18. Bd4 {[%emt 0:1:16]
} Nd7 {[%emt 0:1:50]} 19. e3 {[%emt 0:0:22]} Ndc5 {[%emt 0:0:0]} 20. Nf4 {[%emt 0:1:17]} Nb4 {[%emt 0:2:21]} 21. Bxg7 {[%emt 0:0:7]} Kxg7 {[%emt 0:0:2]} 22. Nd4 {[%emt 0:0:1]} Nxa2 {[%emt 0:0:27]} 23. Nxf5+ {[%emt 0:0:12]} gxf5 {[%emt 0:0:1]} 24. Rb1 {[%emt 0:0:20]} Na4 {[%emt 0:0:0]} 25. Ne2 {[%emt 0:0:18]} Rd2 {[%emt 0:0:30]} 26. Nd4 {[%emt 0:0:30]} N4c3 {[%emt 0:1:2]} 27. Ra1 {[%emt 0:0:22]} Kf6 {[%emt 0:0:12]} 28. Bh3 {[%emt 0:0:25]
} Nb4 {[%emt 0:0:50]} 29. Rec1 {[%emt 0:1:12]} Ne4 {[%emt 0:0:0]} 30. Rf1 {[%emt 0:0:26]} c5 {[%emt 0:0:30]} 31. Nf3 {[%emt 0:0:45]} Rc2 {[%emt 0:0:3]} 32. Nh4 {[%emt 0:0:11]} Rxc4 {[%emt 0:0:17]} 33. Bxf5 {[%emt 0:0:10]
} Nd2 {[%emt 0:0:35]} 34. Rfd1 {[%emt 0:0:1]} Nb3 {[%emt 0:0:0]} 1-0

[Event "FIDE World Rapid-ch Open 2018"]
[White "Amonatov, Farrukh"]
[Black "Inarkiev, Ernesto"]
[Site "St. Petersburg"]
[Round "15.27"]
[Annotator "ChessBase"]
[Result "0-1"]
[Date "2018.12.28"]
[WhiteElo "2614"]
[BlackElo "2693"]
[PlyCount "96"]
[TimeControl "900+10"]

1. e4 {[%emt 0:0:0]} c5 {[%emt 0:0:0]} 2. Nf3 {[%emt 0:0:0]} e6 {[%emt 0:0:0]} 3. d4 {[%emt 0:0:0]} cxd4 {[%emt 0:0:0]} 4. Nxd4 {[%emt 0:0:0]} Nc6 {[%emt 0:0:0]} 5. Nc3 {[%emt 0:0:0]} Qc7 {[%emt 0:0:0]} 6. Be3 {[%emt 0:0:0]
} a6 {[%emt 0:0:0]} 7. Qd2 {[%emt 0:0:0]} Nf6 {[%emt 0:0:0]
} 8. 0-0-0 {[%emt 0:0:2]} Be7 {[%emt 0:0:0]} 9. f3 {[%emt 0:0:4]} b5 {[%emt 0:0:3]
} 10. g4 {[%emt 0:0:44]} Nxd4 {[%emt 0:0:1]} 11. Bxd4 {[%emt 0:0:11]
} Bb7 {[%emt 0:0:5]} 12. Kb1 {[%emt 0:0:7]} 0-0 {[%emt 0:0:0]} 13. Bd3 {[%emt 0:0:15]} b4 {[%emt 0:1:54]} 14. Ne2 {[%emt 0:0:23]} e5 {[%emt 0:0:22]
} 15. Be3 {[%emt 0:0:4]} d5 {[%emt 0:0:1]} 16. g5 {[%emt 0:0:0]} Nxe4 {[%emt 0:0:21]} 17. fxe4 {[%emt 0:0:12]} dxe4 {[%emt 0:0:1]} 18. Bc4 {[%emt 0:1:1]} Qxc4 {[%emt 0:0:21]} 19. Qd7 {[%emt 0:0:1]} Rac8 {[%emt 0:2:36]
} 20. Qxb7 {[%emt 0:4:29]} Qxe2 {[%emt 0:2:56]} 21. Qxe7 {[%emt 0:0:30]
} Qxe3 {[%emt 0:0:8]} 22. Qxb4 {[%emt 0:0:7]} Rb8 {[%emt 0:0:0]} 23. Qd2 {[%emt 0:0:29]} Qxd2 24. Rxd2 {[%emt 0:0:2]} f5 {[%emt 0:0:0]} 25. gxf6 {[%emt 0:0:3]} gxf6 {[%emt 0:0:1]} 26. c4 {[%emt 0:0:42]} Rbd8 {[%emt 0:1:6]} 27. Re2 {[%emt 0:0:45]} f5 {[%emt 0:0:1]} 28. c5 {[%emt 0:0:0]
} Kf7 {[%emt 0:0:9]} 29. c6 {[%emt 0:0:10]} Rd6 {[%emt 0:0:0]} 30. Rc1 {[%emt 0:0:3]} Rc8 {[%emt 0:0:1]} 31. c7 {[%emt 0:0:2]} Rd7 {[%emt 0:0:5]} 32. Rec2 {[%emt 0:0:1]} e3 {[%emt 0:0:6]} 33. b4 {[%emt 0:0:0]} f4 {[%emt 0:0:6]} 34. a4 {[%emt 0:0:1]} f3 {[%emt 0:1:30]} 35. b5 {[%emt 0:0:53]} axb5 {[%emt 0:0:3]} 36. axb5 {[%emt 0:0:1]} e2 {[%emt 0:0:0]} 37. b6 {[%emt 0:0:1]} Rd6 {[%emt 0:0:1]} 38. b7 {[%emt 0:3:6]} Rb6+ {[%emt 0:0:1]} 39. Rb2 Rxb7 40. Rxb7 {[%emt 0:0:1]} f2 {[%emt 0:0:8]
} 41. Rb8 {[%emt 0:0:1]} Rxc7 {[%emt 0:0:59]} 42. Rxc7+ {[%emt 0:0:2]} Ke6 {[%emt 0:0:0]} 43. Rb6+ {[%emt 0:5:55]} Kd5 {[%emt 0:0:1]} 44. Rd7+ {[%emt 0:0:8]
} Kc5 {[%emt 0:0:17]} 45. Rdd6 {[%emt 0:0:6]} e1=Q+ {[%emt 0:0:0]} 46. Kb2 {[%emt 0:0:5]} Qe2+ {[%emt 0:0:25]} 47. Kb3 {[%emt 0:0:24]} Qf3+ {[%emt 0:0:2]} 48. Ka4 {[%emt 0:0:1]} f1=Q {[%emt 0:0:22]} 0-1

[Event "FIDE World Rapid-ch Open 2018"]
[White "Melkumyan, Hrant"]
[Black "Sarana, Alexey"]
[Site "St. Petersburg"]
[Round "15.28"]
[Annotator "ChessBase"]
[Result "0-1"]
[Date "2018.12.28"]
[WhiteElo "2670"]
[BlackElo "2618"]
[PlyCount "138"]
[TimeControl "900+10"]

1. c4 {[%emt 0:0:0]} Nf6 {[%emt 0:0:0]} 2. Nc3 {[%emt 0:0:7]} e5 {[%emt 0:0:0]
} 3. Nf3 {[%emt 0:0:3]} Nc6 {[%emt 0:0:0]} 4. e3 {[%emt 0:0:0]} Bb4 {[%emt 0:0:0]} 5. Qc2 {[%emt 0:0:1]} Bxc3 {[%emt 0:0:0]} 6. Qxc3 {[%emt 0:0:2]} Qe7 {[%emt 0:0:0]} 7. d4 {[%emt 0:0:2]} exd4 {[%emt 0:0:0]} 8. Nxd4 {[%emt 0:0:2]} Ne4 {[%emt 0:0:2]} 9. Qd3 {[%emt 0:0:1]} 0-0 {[%emt 0:0:5]} 10. Be2 {[%emt 0:0:9]} Re8 {[%emt 0:0:16]} 11. 0-0 {[%emt 0:0:36]
} Nc5 {[%emt 0:0:41]} 12. Qd1 {[%emt 0:0:16]} Nxd4 {[%emt 0:0:0]} 13. Qxd4 {[%emt 0:0:2]} b6 {[%emt 0:0:2]} 14. b3 {[%emt 0:4:10]} Bb7 {[%emt 0:0:5]} 15. Qf4 {[%emt 0:0:49]} d6 {[%emt 0:0:31]} 16. Bb2 {[%emt 0:0:0]} a5 {[%emt 0:0:19]} 17. Rad1 {[%emt 0:1:4]} Qe6 {[%emt 0:0:12]} 18. Rfe1 {[%emt 0:0:51]} Qg6 {[%emt 0:0:35]} 19. Qg3 {[%emt 0:0:24]} f6 {[%emt 0:0:6]
} 20. Bf1 {[%emt 0:0:48]} Re7 {[%emt 0:0:38]} 21. f3 {[%emt 0:0:0]} Rae8 {[%emt 0:0:8]} 22. Qxg6 {[%emt 0:2:35]} hxg6 {[%emt 0:0:1]} 23. Kf2 {[%emt 0:0:1]} Kf7 {[%emt 0:0:36]} 24. h3 {[%emt 0:0:17]} g5 {[%emt 0:0:19]
} 25. e4 {[%emt 0:0:15]} Rh8 {[%emt 0:0:21]} 26. Bd4 {[%emt 0:0:0]} Bc8 {[%emt 0:0:24]} 27. Be3 {[%emt 0:0:19]} Be6 {[%emt 0:0:2]} 28. Rb1 {[%emt 0:0:3]} Ra8 {[%emt 0:0:6]} 29. a3 {[%emt 0:0:21]} Nd7 {[%emt 0:0:0]} 30. Rec1 {[%emt 0:0:17]} Ne5 {[%emt 0:0:5]} 31. Rc3 {[%emt 0:0:12]} Ree8 {[%emt 0:0:3]} 32. Rb2 {[%emt 0:0:12]} Reb8 {[%emt 0:0:28]} 33. Be2 {[%emt 0:0:3]
} Nc6 {[%emt 0:0:14]} 34. Kg3 {[%emt 0:0:38]} Ne5 {[%emt 0:0:0]} 35. Rd2 {[%emt 0:0:27]} Ke7 {[%emt 0:0:16]} 36. Kf2 {[%emt 0:0:25]} Nd7 {[%emt 0:0:28]} 37. Rc1 {[%emt 0:0:11]} Ne5 {[%emt 0:0:22]} 38. Rdd1 {[%emt 0:0:37]
} Rb7 {[%emt 0:0:12]} 39. Rh1 {[%emt 0:0:3]} Rh8 {[%emt 0:0:0]} 40. Kg3 {[%emt 0:0:47]} Ng6 {[%emt 0:0:15]} 41. b4 {[%emt 0:0:23]} axb4 {[%emt 0:0:4]} 42. axb4 {[%emt 0:0:2]} c5 {[%emt 0:0:4]} 43. Rb1 {[%emt 0:0:7]
} Ra7 {[%emt 0:0:12]} 44. bxc5 {[%emt 0:0:11]} bxc5 {[%emt 0:0:0]} 45. Rhc1 {[%emt 0:0:14]} Ne5 {[%emt 0:0:7]} 46. Bf1 {[%emt 0:0:17]} Rd8 {[%emt 0:0:10]} 47. Rc3 {[%emt 0:0:46]} Ra4 {[%emt 0:0:4]} 48. Rbc1 {[%emt 0:0:1]
} Rb8 {[%emt 0:0:10]} 49. f4 {[%emt 0:0:13]} gxf4+ {[%emt 0:0:0]} 50. Bxf4 {[%emt 0:0:1]} Rb2 {[%emt 0:0:23]} 51. Bxe5 {[%emt 0:0:37]} dxe5 {[%emt 0:0:43]} 52. h4 {[%emt 0:0:2]} Kf7 {[%emt 0:0:41]} 53. Re1 {[%emt 0:0:32]
} Rd2 {[%emt 0:0:31]} 54. Be2 {[%emt 0:0:18]} Rd4 {[%emt 0:0:0]} 55. Rb3 {[%emt 0:0:20]} Kg6 {[%emt 0:0:20]} 56. Rb8 {[%emt 0:0:28]} Bxc4 {[%emt 0:0:50]} 57. Bg4 {[%emt 0:0:2]} Ra7 {[%emt 0:1:14]} 58. Rf8 {[%emt 0:0:10]
} Kh7 {[%emt 0:1:41]} 59. h5 {[%emt 0:0:1]} Rd3+ {[%emt 0:0:0]} 60. Kh2 {[%emt 0:0:1]} Kh6 {[%emt 0:0:34]} 61. Rc8 {[%emt 0:0:59]} Kg5 {[%emt 0:0:28]} 62. Bf3 {[%emt 0:0:1]} Bf7 {[%emt 0:0:21]} 63. Rh8 {[%emt 0:0:21]
} Rad7 {[%emt 0:0:37]} 64. Kg3 {[%emt 0:0:5]} c4 {[%emt 0:0:0]} 65. Rh1 {[%emt 0:0:7]} f5 {[%emt 0:0:5]} 66. Rh7 {[%emt 0:0:40]} fxe4 {[%emt 0:0:18]} 67. h6 {[%emt 0:0:18]} gxh6 {[%emt 0:1:2]} 68. R1xh6 {[%emt 0:0:21]
} exf3 {[%emt 0:0:3]} 69. gxf3 {[%emt 0:0:1]} Bg6 {[%emt 0:0:0]} 0-1

[Event "FIDE World Rapid-ch Open 2018"]
[White "Antipov, Mikhail Al."]
[Black "Grachev, Boris"]
[Site "St. Petersburg"]
[Round "15.29"]
[Annotator "ChessBase"]
[Result "1-0"]
[Date "2018.12.28"]
[WhiteElo "2589"]
[BlackElo "2626"]
[PlyCount "139"]
[TimeControl "900+10"]

1. e4 {[%emt 0:0:58]} c5 {[%emt 0:0:0]} 2. Nf3 {[%emt 0:0:1]} Nf6 {[%emt 0:0:0]
} 3. e5 {[%emt 0:0:8]} Nd5 {[%emt 0:0:0]} 4. Nc3 {[%emt 0:0:0]} Nxc3 {[%emt 0:0:0]} 5. dxc3 {[%emt 0:0:3]} Nc6 {[%emt 0:0:6]} 6. Bd3 {[%emt 0:1:1]} e6 {[%emt 0:0:37]} 7. Bf4 {[%emt 0:0:46]} h6 {[%emt 0:0:17]
} 8. Qe2 {[%emt 0:0:26]} a6 {[%emt 0:0:9]} 9. 0-0 {[%emt 0:0:40]} b5 {[%emt 0:0:37]
} 10. a4 {[%emt 0:0:21]} c4 {[%emt 0:0:41]} 11. Be4 {[%emt 0:0:0]} Bb7 {[%emt 0:0:1]} 12. axb5 {[%emt 0:0:8]} axb5 {[%emt 0:0:2]} 13. Nd4 {[%emt 0:0:5]} Rxa1 {[%emt 0:7:33]} 14. Rxa1 {[%emt 0:0:2]} Bc5 {[%emt 0:0:13]
} 15. Nxb5 {[%emt 0:4:40]} Qb6 {[%emt 0:0:1]} 16. Nd6+ {[%emt 0:0:20]
} Bxd6 {[%emt 0:0:15]} 17. exd6 {[%emt 0:0:1]} 0-0 {[%emt 0:0:0]} 18. Rb1 {[%emt 0:0:10]} f5 {[%emt 0:0:53]} 19. Bf3 {[%emt 0:0:16]} Qb5 {[%emt 0:1:3]} 20. b3 {[%emt 0:2:53]} g5 {[%emt 0:1:8]} 21. Qxc4 {[%emt 0:0:51]
} Qxc4 {[%emt 0:0:3]} 22. bxc4 {[%emt 0:0:1]} Ba8 {[%emt 0:0:0]} 23. Be3 {[%emt 0:2:51]} Kf7 {[%emt 0:0:59]} 24. Ra1 {[%emt 0:0:48]} Rc8 {[%emt 0:0:51]} 25. h3 {[%emt 0:0:30]} Bb7 {[%emt 0:1:18]} 26. Bb6 {[%emt 0:0:3]
} Ra8 {[%emt 0:0:22]} 27. Rb1 {[%emt 0:0:2]} Ra2 {[%emt 0:0:0]} 28. Bd4 {[%emt 0:0:40]} Ba8 {[%emt 0:0:19]} 29. Bh5+ {[%emt 0:0:16]} Kf8 {[%emt 0:0:1]} 30. Bf6 {[%emt 0:0:2]} Rxc2 {[%emt 0:0:22]} 31. c5 {[%emt 0:0:33]
} Ra2 {[%emt 0:0:9]} 32. h4 {[%emt 0:0:24]} gxh4 {[%emt 0:0:0]} 33. Bxh4 {[%emt 0:0:9]} Kg7 {[%emt 0:0:8]} 34. Be8 {[%emt 0:0:5]} Ra7 {[%emt 0:0:1]} 35. c4 {[%emt 0:0:17]} Kf8 {[%emt 0:0:11]} 36. Bh5 {[%emt 0:0:4]
} Rb7 {[%emt 0:0:18]} 37. Ra1 {[%emt 0:0:11]} Ra7 {[%emt 0:0:0]} 38. Rb1 {[%emt 0:0:15]} Rb7 {[%emt 0:0:1]} 39. Rc1 {[%emt 0:0:1]} Rb3 {[%emt 0:0:17]} 40. Ra1 {[%emt 0:0:13]} Bb7 {[%emt 0:0:7]} 41. Bf6 {[%emt 0:0:8]
} Nb8 {[%emt 0:0:55]} 42. Bd1 {[%emt 0:0:14]} Rb4 {[%emt 0:0:0]} 43. Bh5 {[%emt 0:0:15]} Rb3 {[%emt 0:0:4]} 44. Kh2 {[%emt 0:0:3]} Nc6 {[%emt 0:0:14]} 45. Bd1 {[%emt 0:0:8]} Rd3 {[%emt 0:0:5]} 46. Rb1 {[%emt 0:0:9]
} Kf7 {[%emt 0:0:17]} 47. Bh4 {[%emt 0:0:20]} Ba8 {[%emt 0:0:0]} 48. Bh5+ {[%emt 0:0:2]} Kf8 {[%emt 0:0:5]} 49. Bf6 {[%emt 0:0:2]} Ra3 {[%emt 0:0:8]} 50. Bg6 {[%emt 0:0:20]} Rd3 {[%emt 0:0:13]} 51. f3 {[%emt 0:0:7]
} Ra3 {[%emt 0:0:20]} 52. Kg3 {[%emt 0:0:4]} Ra2 {[%emt 0:0:0]} 53. Rh1 {[%emt 0:0:5]} f4+ {[%emt 0:0:2]} 54. Kxf4 {[%emt 0:0:2]} Rxg2 {[%emt 0:0:12]} 55. Rxh6 {[%emt 0:0:2]} e5+ {[%emt 0:0:15]} 56. Ke3 {[%emt 0:0:2]
} Rxg6 {[%emt 0:0:3]} 57. Rxg6 {[%emt 0:0:1]} Kf7 {[%emt 0:0:0]} 58. Rh6 {[%emt 0:0:2]} Bb7 {[%emt 0:0:19]} 59. Bh8 {[%emt 0:0:15]} Ba6 {[%emt 0:0:15]} 60. Ke4 {[%emt 0:0:3]} Bb7 {[%emt 0:0:13]} 61. Bxe5 {[%emt 0:0:12]
} Ne7+ {[%emt 0:0:2]} 62. Kd3 {[%emt 0:0:8]} Ng6 {[%emt 0:0:0]} 63. f4 {[%emt 0:0:1]} Bc6 {[%emt 0:0:7]} 64. Kd4 {[%emt 0:0:2]} Nf8 {[%emt 0:0:16]} 65. f5 {[%emt 0:0:2]} Ba4 {[%emt 0:0:3]} 66. Ke4 {[%emt 0:0:0]} Bc6+ {[%emt 0:0:7]} 67. Kf4 {[%emt 0:0:1]} Kg8 {[%emt 0:0:1]} 68. Rh8+ {[%emt 0:0:3]} Kf7 {[%emt 0:0:1]} 69. Kg5 {[%emt 0:0:2]} Be4 {[%emt 0:0:15]
} 70. Bf6 {[%emt 0:0:3]} 1-0